00479nam a2200205Ia 4500003000900000008004100009040001300050040001300063041000800076100001800084245005600102250001200158260001200170260000900182300001100191300001000202490003600212490000700248700001800255IT-RoPAU120407s9999 xx 000 0 und d aIT-RoPAU cIT-RoPAU aita aArno Schilson aCristologia oggi. Analisi critica di nuove teologie aBrescia aPaideia c1979 a177 p. c21 cm aBiblioteca di cultura religiosa v33 aWalter Kasper